00986nam a22002057a 450000500170000000800410001702000180005802000180007604000410009404100080013524500890014326000450023230000380027749000210031550400530033650502770038965000520066670000280071870000340074620240318072658.0240318b ||||| |||| 00| 0 eng d a9780199373369 a9780199373383 aCO-BoUCMcDavid MorenodDavid Moreno aeng14aThe Oxford handbook of choral pedagogy c edited by Frank Abrahams and Paul D. Head. aNew York bOxford University Pressc2017 a xx, 545 Paginas,bilustraciones 1 aOxford handbooks aIncluye referencias bibliográficas e índices rTheory -- part 1. Challenging traditional paradigms -- part 2. Construction of identity and meaning -- part 3. World perspectives -- Practice -- part 4. Repertoire as pedagogy -- part 5. Teaching and conducting diverse populations -- part 6. Choral pedagogy and the voice. aCanto coral xMusica xInstrucción y estudio1 aAbrahams, Frankeeditor1 aHead, Pauleeditorq(Paul D.)